01228nam a22002417a 450000500170000001000170001702000420003402000270007603500170010303700240012008200140014424501280015824600630028624600720034926000610042130000450048250000220052750501920054952001240074165000180086570000200088385600830090320120111110926.0 aB-476493-496 a9781426203367 (hardcover)cUS $ 35.00 a1426203365 (hardcover) aB-476493-496 adplbBlue Berry/Ven00a203.522200aSacred places of a lifetime :b500 of the world's most peaceful and powerful destinations /cintroduction by Keith Bellows.30a500 of the world's most peaceful and powerful destinations3 aFive hundred of the world's most peaceful and powerful destinations aWashington, D.C. :bNational Geographic Society,cc2008. a399 p. :bcol. ill., col. maps ;c31 cm. aIncludes indexes.0 aSacred landscapes -- Magaliths & mysteries -- Cradles of faith -- Majestic ruins -- Daily devotion -- Shrines -- The pilgrim's way -- Ceremonies & festivals -- In remembrance -- Retreats. aA listing of five hundred sites new and old, famous and unknown, that have been used to connect humanity with its gods. 0aSacred space.1 aBellows, Keith.413Table of contents onlyuhttp://www.loc.gov/catdir/toc/ecip0818/2008021396.html